000 01070nam a2200205Ia 4500
001 16942
003 GE_BSU
008 181216s||||||||xx |||||||||||||| ||und||
040 _cGE_BSU
080 _a821.353.1 + 821.353.1.09 + 821.353.1-4 + 792(=353.1)(09) + 821.353.1-94
100 _aგრიშაშვილი, იოსებ (1889-1965)
245 _aთხზულებათა კრებული : 5 ტომად. ტ. 5 : მინიატურები, ლიტერატურული ნარკვევები, [ქართულ თეატრში, მოგონებანი]
260 _aთბილისი
260 _bსაბჭ. საქართველო
260 _c1965
300 _a468 გვ.23 სმ
653 _aმინიატურები, ლიტერატურული ნარკვევები
653 _aქართული ლიტერატურის ისტორია და კრიტიკა; ქართული თეატრი
942 _cBK
999 _c50005
_d50005